| 000 | 00769nam a22002297a 4500 | ||
|---|---|---|---|
| 999 |
_c5158 _d5158 |
||
| 003 | AR-CdUCM | ||
| 008 | 190312b ||||| |||| 00| 0 spa d | ||
| 040 |
_aMUNICIPALIDAD PROVINCIAL DEL CUSCO _cBIBLIOTECA MUNICIPAL DEL CUSCO |
||
| 082 |
_a985.071 / _bM79 |
||
| 100 |
_aMorachimo Torres, Lorenzo _915660 |
||
| 245 | _aHuasimo - cazaderos / | ||
| 260 |
_aLima : _b Ediserte, _c1991. |
||
| 300 |
_a140 paginas ; _bIlustraciones, _c20 cm. |
||
| 500 | _aDedicatoria | ||
| 505 | _aTres opiniones -- Regreso accidentado -- El BI 31 en la zona de combate -- Huasimo ... | ||
| 650 |
_aQuebrada Cazadores _915661 |
||
| 650 |
_aCombate de, 1941 _915662 |
||
| 650 |
_aConflicto con Ecuador _915663 |
||
| 650 |
_aPerĂº y Ecuador _915664 |
||
| 942 |
_2ddc _cLIBROS |
||
| 945 | _aacv | ||